NMR analýza alkoholických a nealkoholických nápojov so zameraním na nápoje pripravené z kávových bôbov

Guardado en:
Detalles Bibliográficos
Autor principal: Šimún, Jozef (Autor)
Otros Autores: Liptaj, Tibor (Orientador)
Formato: Manuscrito Libro
Lenguaje:eslovaco
Publicado: 2017
Materias:
Acceso en línea:http://is.stuba.sk/zp/portal_zp.pl?podrobnosti=131814
Etiquetas: Agregar Etiqueta
Sin Etiquetas, Sea el primero en etiquetar este registro!

MARC

LEADER 00000ntm a22000003a 4500
001 stuzp64922
003 SK-STU
005 20170610211350.5
007 ta
008 150427s2015----xo-----f-mn---000-0-slo-d
040 |a STU  |b slo 
041 0 |a slo 
100 1 |a Šimún, Jozef  |u 040630  |4 aut  |U FCHPT Fakulta chemickej a potravinárskej technológie  |T FCHPT Centrálne laboratóriá FCHPT  |X 61194  |U C0630  |Y 687  |7 61194 
242 0 1 |a NMR analysis of alcoholic and non-alcoholic beverages with consideration of beverages prepared from coffee beams  |y eng 
245 1 0 |a NMR analýza alkoholických a nealkoholických nápojov so zameraním na nápoje pripravené z kávových bôbov 
260 |c 2017 
650 4 |a NMR metóda  |2 slo 
650 4 |a 1D experimenty  |2 slo 
650 4 |a 2D experimenty  |2 slo 
650 4 |a analýza nápojov  |2 slo 
650 4 |a káva  |2 slo 
650 4 |a NMR method  |2 eng 
650 4 |a 1D experiments  |2 eng 
650 4 |a 2D experiments  |2 eng 
650 4 |a coffee  |2 eng 
650 4 |a analysis of beverages  |2 eng 
700 1 |a Liptaj, Tibor  |u 040630  |k Z1  |4 ths  |U FCHPT Fakulta chemickej a potravinárskej technológie  |T FCHPT Centrálne laboratóriá FCHPT  |X 3312  |U C0630  |Y 687  |7 A000003312 
856 4 |u http://is.stuba.sk/zp/portal_zp.pl?podrobnosti=131814